|
|
|
|
| LEADER |
00000cam a2200000 a 4500 |
| 001 |
006898 |
| 003 |
AR-BeUNQ |
| 005 |
20250807164705.0 |
| 008 |
010120s1999||||ag d | 000 0 spa d |
| 999 |
|
|
|c 9578
|d 84965
|
| 020 |
|
|
|a 950340150X
|
| 040 |
|
|
|a AR-beUNQ
|e aacr
|
| 099 |
|
|
|a 20-B20
|
| 100 |
1 |
|
|a Basso, Gustavo
|9 2171
|
| 245 |
1 |
0 |
|a Análisis espectral :
|b la transformada de Fourier en la música /
|c Gustavo Basso.
|
| 260 |
|
|
|a La Plata :
|b Universidad Nacional de La Plata,
|c 1999
|
| 300 |
|
|
|a 160 p. :
|b gráficos
|
| 594 |
|
|
|b MAESTRIA EN ARTE SONORO
|c FUNDAMENTOS DE GENERACION Y PROCESAMIENTO DIGITAL DE SONIDO
|d 2021
|
| 594 |
|
|
|b LICENCIATURA EN MUSICA Y TECNOLOGIA - CICLO INICIAL
|c ACUSTICA Y PSICOACUSTICA
|d 2025
|a Farina, María Andrea
|
| 650 |
|
7 |
|a Análisis de Fourier
|2 spines
|
| 650 |
|
7 |
|a Acústica
|2 spines
|
| 653 |
|
|
|a Música electroacústica
|
| 929 |
|
|
|a COMPRA
|b Universidad Nacional de La Plata
|d 4,00E
|e 20000512
|j 28497
|
| 942 |
|
|
|c LIB
|n 0
|